| 000 | 00908nam a22001697a 4500 | ||
|---|---|---|---|
| 999 |
_c62041 _d62041 |
||
| 003 | Ge_BSU | ||
| 005 | 20240626160735.0 | ||
| 008 | 240626s1939 ge ||||| |||| 00| 0 geo d | ||
| 041 | _ageo | ||
| 080 | _a371.7 +614.2-053.2 ჩ-23 | ||
| 100 |
_aჩარექიშვილი, გ. _922596 |
||
| 245 |
_aოჯახი და მოსწავლეთა ჯანმრთელობა / _cგ. ჩარექიშვილი; რედ. ილ. ლორთქიფანიძე; საქ. სსრ. დაწყ. და საშ. სკოლის სახელმწ. სამეცნ.-საკვ. ინსტიტუტი. |
||
| 264 |
_aთბილისი, _c1939. |
||
| 653 | _aმოსწავლეთა ჯანმრთელობა | ||
| 700 |
_aლორთქიფანიძე, ილ. _eრედაქტორი _922597 |
||
| 942 |
_2udc _cᲬᲘᲒᲜᲘ |
||